| 000 | 01167nam a2200241Ia 4500 | ||
|---|---|---|---|
| 999 |
_c56549 _d56549 |
||
| 001 | 23663 | ||
| 003 | GE_BSU | ||
| 005 | 20250520120610.0 | ||
| 008 | 181216s1976||||ge |||||||||||||| ||geo|| | ||
| 040 | _cGE_BSU | ||
| 041 | _ageo | ||
| 080 | _a611(075.8) ნ-19 | ||
| 100 |
_aნათიშვილი, ალ. _922403 |
||
| 245 |
_aადამიანის ნორმალური ანატომია : _b[სახელმძღვ. სამედ. ინ-ტის სტუდენტებისათვის] / _cალ. ნათიშვილი; რედ. ნ. ჯავახიშვილი. ლ. შელია. |
||
| 250 | _aმე-3 გამოც. | ||
| 264 |
_aთბილისი : _bგანათლება, _c1976. |
||
| 300 |
_a594 გვ. : _bილ. 1 ფ. პორტრ. ; _c26 სმ. |
||
| 653 | _aადამიანის ნორმალური ანატომია | ||
| 653 | _aმედიცინა | ||
| 700 |
_a ჯავახიშვილი, ნ. _eრედაქტორი _925076 |
||
| 700 |
_aშელია, ლ. _eრედაქტორი _925077 |
||
| 942 |
_cBK _2udc |
||